Central Library OPAC University of Rajshahi

আধুনিক বিশ্বনাট্য প্রতিভা / (Record no. 84334)

MARC details
000 -LEADER
fixed length control field 00824nam a2200217 a 4500
001 - CONTROL NUMBER
control field 84334
003 - CONTROL NUMBER IDENTIFIER
rucl marc code BD-RjUL
005 - DATE AND TIME OF LATEST TRANSACTION
control field 20241120150522.0
008 - FIXED-LENGTH DATA ELEMENTS--GENERAL INFORMATION
fixed length control field 241120s1969 bg ||||| |||| 00| 0 ben d
035 ## - SYSTEM CONTROL NUMBER
System control number (BD-RjUL)84334
040 ## - CATALOGING SOURCE
Original cataloging agency BD-RjUL
Language of cataloging eng
Transcribing agency BD-RjUL
041 ## - LANGUAGE CODE
Language code of text/sound track or separate title ben
082 ## - DEWEY DECIMAL CLASSIFICATION NUMBER
Edition number 23
Classification number 808.2
Author mark and year BAJ 1969
100 ## - MAIN ENTRY--PERSONAL NAME
Personal name বন্দ্যোপাধ্যায়, জীবন
9 (RLIN) 14343
245 ## - TITLE STATEMENT
Title আধুনিক বিশ্বনাট্য প্রতিভা /
Statement of responsibility, etc. জীবন বন্দ্যোপাধ্যায়
260 ## - PUBLICATION, DISTRIBUTION, ETC. (IMPRINT)
Place of publication, distribution, etc. কলিকাতা :
Name of publisher, distributor, etc. সংস্কৃতি প্রকাশন,
Date of publication, distribution, etc. ১৯৬৯
300 ## - PHYSICAL DESCRIPTION
Pagination ৩০৭ পৃ.;
Size ২১ সেমি.
650 ## - SUBJECT ADDED ENTRY--TOPICAL TERM
Topical term or geographic name as entry element Rhetoric Drama
9 (RLIN) 14344
Topical term or geographic name as entry element অলংকারমূলক নাটক
9 (RLIN) 14345
942 ## - ADDED ENTRY ELEMENTS (KOHA)
Source of classification or shelving scheme Dewey Decimal Classification
Koha item type Books
Holdings
Lost status Source of classification or shelving scheme Damaged status Not for loan Collection code Permanent Location Current Location Shelving location Date acquired Source of acquisition Cost, normal purchase price Total Checkouts Full call number Date last seen Copy number Koha item type
  Dewey Decimal Classification   Not For Loan Non-fiction Central Library, University of Rajshahi Central Library, University of Rajshahi Reading Room 28/11/1978 India Int. 10.00   B 808.2 BAJ 1969 20/11/2024 C-1 Books